01722nam a22002897i 4500003000900000008004100009020002200050040007100072082002500143100002600168245011500194260005400309300003000363500003900393505078000432650001401212650001301226650001401239650001501253650001401268650001601282700002601298700002901324700003101353700002601384710002201410AR-CdUCM241025b20192019 pe||||| |||| 00| 0 spa d a978-612-4121-28-9 aMUNICIPALIDAD PROVINCIAL DEL CUSCOcBIBLIOTECA MUNICIPAL DEL CUSCO a338.20985 / C97bC97 aCusiyunca Phoco, Alex aDerechos humanos y dinámicas socio-ambientales en contextos mineros en las regiones de Cusco y Apurímac /  aCusco : bCentro Bartolomé de las Casas.c2019 a230 páginas. : c24 cm. zBibliografía : páginas 205-207 aFelicidad en contextos mineros en el Perú: caso de estudio en Cotabambas, Apurímac -- Relaciones de género y conflictos socio-ambientales en Espinar Tintaya Marquiri y Bajo Huancané, Regíon Cusco, 2017 -- Situación laboral de la mujer en un contexto de minería aurífera a pequeña escala en el distrito de Camanti -- El conflicto socio-ambientales en el anexo Tapairihua -- El proceso de consulta previa en la comunidad campesina de Huaquirca: Caso Proyecto Minero Anama -- Conflicto entre agricultores y mineros artesanales: Caso Comunidad Campesina de Huancabamba- Checche- Huaraccopata, distrito José María Arguedas, Andahuaylas, Apurimac -- Expectativas de vida de estudiantes en un contexto de minería informal en la Amazonía de Cusco, Perú  aMinería aProyecto aComunidad aDesarrollo aConflicto aEducación aMolina Quispe, Carlos aNarváez López, Einer a Del Pozo Loaiza, Cesar E. aTorres Ojeda, Claudia amás 10 personas